Länder mit Tieren in ihren Flaggen - Statistiken

Allgemein
  • Dieses Quiz wurde 791 mal gespielt
    777 seit der letzten Aktualisierung
  • Das Durchschnittsergebnis liegt bei 12 aus 23
Antwortstatistiken
Bildquiz Antwort % Korrekt
Albanien
99%
Bhutan
86%
Kasachstan
81%
Sri Lanka
74%
Montenegro
73%
Ägypten
71%
Ecuador
71%
Uganda
70%
Papua-Neuguinea
69%
Fidschi
62%
Sambia
62%
Serbien
61%
Mexiko
59%
Moldawien
57%
Dominica
51%
Simbabwe
48%
Kiribati
35%
Guatemala
29%
Andorra
27%
Paraguay
24%
Peru
14%
Kroatien
6%
Spanien
6%
Keine übereinstimmenden Quizze gefunden
Verteilung der Resultate
Anzahl Personen mit jedem Resultat
Perzentil nach korrekt beantworteten Fragen
Ihre Resultats-Entwicklung
Sie haben dieses Quiz seit der letzten Aktualisierung nicht gespielt